| 000 -LEADER |
| fixed length control field |
01085nam a2200217 a 4500 |
| 001 - CONTROL NUMBER |
| control field |
:::00012044$&:&@@ |
| 003 - CONTROL NUMBER IDENTIFIER |
| control field |
OkBaRHE |
| 005 - DATE AND TIME OF LATEST TRANSACTION |
| control field |
20100331131652.0 |
| 008 - FIXED-LENGTH DATA ELEMENTS--GENERAL INFORMATION |
| fixed length control field |
s1955 j 000 0 eng u |
| 040 ## - CATALOGING SOURCE |
| Transcribing agency |
|
| 100 1# - MAIN ENTRY--PERSONAL NAME |
| Personal name |
Horton, Stanley Monroe. |
| 245 10 - TITLE STATEMENT |
| Title |
Into all truth. |
| Statement of responsibility, etc |
A survey of the course and content of divine revelation |
| 260 ## - PUBLICATION, DISTRIBUTION, ETC. (IMPRINT) |
| Place of publication, distribution, etc |
Springfield, MO., : |
| Name of publisher, distributor, etc |
Gospel Publishing House |
| Date of publication, distribution, etc |
1955 |
| 300 ## - PHYSICAL DESCRIPTION |
| Extent |
145 p. ; |
| Dimensions |
19 cm. |
| 520 ## - SUMMARY, ETC. |
| Summary, etc |
A look at what the bible says concerning Savation, Divine Healing, the Holy Spirit , and the Second Comming. The last chapter takes a look at church history regarding topics earlier mentioned. |
| 650 ## - SUBJECT ADDED ENTRY--TOPICAL TERM |
| Topical term or geographic name as entry element |
Assemblies of God, General Council |
| General subdivision |
Doctrinal and controversial works |
| 942 ## - ADDED ENTRY ELEMENTS (KOHA) |
| Source of classification or shelving scheme |
|
| Koha item type |
Books |